000 01348nam0a22002651 4500
001 rc\3172741
005 20120615112638.8
021 _aRU
_bП1506-77
035 _a(NLR Aleph) 007309095
090 _a5790993
_c5790993
100 _a20120615d1976 |||y0rusy50 ca
101 0 _arus
102 _aRU
105 _aa z |||||
200 1 _aСтатика и динамика сложных механических и строительных конструкций
_e[Сборник статей]
_f[Отв. ред. д. т. н., проф. В.А. Лебедев]
210 _aЛенинград
_cБ. и.
_d1976
215 _a165 с., 1 л. схем.
_cил.
_d20
225 1 _aМинистерство высшего и среднего специального образования РСФСР. Ленинградский инженерно-строительный институт. [Сборник трудов]
_v№ 120
_iИсследования по расчету строительных конструкций
_eМежвуз. темат. сборник трудов
_v№ 1
320 _aБиблиогр. в конце статей
702 1 _aЛебедев
_bВ. А.
_gВалентин Александрович
_4340
801 0 _aRU
_bNLR
_gpsbo
801 1 _aRU
_bELAR
_2rusmarc
852 _aNLR
_jП10/945
942 _cBOOK
980 _aNB